000 00636nam a2200217Ia 4500
003 OSt
005 20220923221932.0
006 a|||||r|||| 00| 0
007 ta
008 220922b |||||||| |||| 00| 0 hin d
024 _a201,243
037 _cTextual
040 _aARTS
_cARTS
_bhin
041 _2hin
_ahin
082 _aV2:25:N3, 152H9
100 _aतिवारी, शंकरलाल
_9156271
245 0 _aभारत सन् 57 के बाद
246 _aBhārat san 57 ke bāda
942 _hV2:25:N3, 152H9
_cTEXL
_2CC
999 _c352896
_d352896